000 00781nam a22002057a 4500
999 _c19094
_d19094
003 AR-CdUCM
008 190304b ||||| |||| 00| 0 spa d
040 _aMUNICIPALIDAD PROVINCIAL DEL CUSCO
_cBIBLIOTECA MUNICIPAL DEL CUSCO
082 _a371.1 /
_bA48
100 _aAmayo Arrué, Napoleón
_99009
245 _aEl manual del maestro /
260 _bGráfica labor,
_aLima :
_c1968.
300 _a854 páginas ;
_bDibujos,
_c24 cm.
505 _aContenido: La clasificación de las escuelas -- Grados de las escuelas -- Organización de una escuela -- Actividades escolares -- Documentación escolar ...
650 _aClasificación de escuelas
_940218
650 _aBases pedagógicas
_940219
650 _aEscuelas particulares
_99012
942 _2ddc
_cLIBROS
945 _arcc